Statistiques concernant Carrés

Cliquez ici pour prendre le quiz!

Statistiques générales

  • Ce quiz a été pris 185 fois
  • Le résultat moyen est 14 sur 20

Statistiques - réponses

ChiffresCarrés% Correct
11
100%
24
99%
416
98%
525
98%
39
98%
10100
96%
636
96%
749
95%
981
95%
864
93%
11121
90%
12144
80%
13169
58%
20400
57%
15225
52%
14196
42%
16256
31%
17289
22%
18324
17%
19361
16%

Distribution des résultats

Percentile par nombre de réponses

% des personnes avec chaque résultat

Votre développement - résultats

Vous n’avez pas pris ce quiz